00737cam a22002174a 4500008004100000020002200041100002100063245009800084260003500182300004200217504004100259500002000300650003800320650004000358650002500398650003700423650003200460003000100492005001700493040000900510  a0333921453 (pbk.)1 aMorrison, Janet.14aThe international business environment :bdiversity and the global economy /cJanet Morrison. aHoundmill :bPalgrave,c2002. axxxiv, 414 p. :bill., maps ;c26 cm. aIncludes bibliographical references. aIncludes index. 0aInternational economic relations. 0aInternational business enterprises. 0aInternational trade. 0aGlobalizationxEconomic aspects. 0aCompetition, International.20230123125357.0 cNUST